Soil analysis : (Record no. 16089)

000 -LEADER
fixed length control field 00412pam a2200157 a 4500
020 ## - INTERNATIONAL STANDARD BOOK NUMBER
ISBN 0824783557 (alk. paper)
040 ## - CATALOGING SOURCE
Transcribing agency DLC
082 00 - DEWEY DECIMAL CLASSIFICATION NUMBER
Classification number 631 M.DE 1991 A083 Co.
245 00 - TITLE STATEMENT
Title Soil analysis :
Remainder of title modern instrumental techniques /
250 ## - EDITION STATEMENT
Edition statement 2nd ed.
260 ## - PUBLICATION, DISTRIBUTION, ETC. (IMPRINT)
Place of publication New York :
Name of publisher M. Dekker,
Year of publication c1991.
300 ## - PHYSICAL DESCRIPTION
Number of Pages viii, 659 p. :
Other physical details ill. ;
Dimensions 24 cm.
650 #0 - SUBJECT ADDED ENTRY--TOPICAL TERM
Topical Term Soils
700 1# - ADDED ENTRY--PERSONAL NAME
Personal name Smith, Keith A.,
942 ## - ADDED ENTRY ELEMENTS (KOHA)
Koha item type សៀវភៅភាសាអង់គ្លេស
952 ## - LOCATION AND ITEM INFORMATION (KOHA)
Withdrawn status [LOCAL, KOHA] 0
Holdings
Permanent Location Date acquired Koha item type Lost status Shelving location Barcode Current Location Full call number
Library Block A2018-01-08សៀវភៅភាសាអង់គ្លេស A083A14712Library Block A631 M.DE 1991 A083 Co.
មជ្ឈមណ្ឌលឯការនៃសាកលវិទ្យាល័យភូមិន្ទកសិកម្មចំការដូង

Powered by Koha